Central Library OPAC University of Rajshahi

Little Dorrit / (Record no. 20809)

MARC details
000 -LEADER
fixed length control field 00688nam a2200241u 4500
001 - CONTROL NUMBER
control field 20809
003 - CONTROL NUMBER IDENTIFIER
rucl marc code BD-RjUL
005 - DATE AND TIME OF LATEST TRANSACTION
control field 20211209000620.0
008 - FIXED-LENGTH DATA ELEMENTS--GENERAL INFORMATION
fixed length control field 140302r19531908enk 000 0 eng
035 ## - SYSTEM CONTROL NUMBER
System control number (BD-RjUL)20871
040 ## - CATALOGING SOURCE
Original cataloging agency DLC
Transcribing agency CarP
Modifying agency DLC
-- BD-RjUL
Language of cataloging eng
041 ## - LANGUAGE CODE
Language code of text/sound track or separate title eng
082 ## - DEWEY DECIMAL CLASSIFICATION NUMBER
Classification number 823.91
Author mark and year DIL 1953
100 1# - MAIN ENTRY--PERSONAL NAME
Personal name Dickens, Charles.
9 (RLIN) 64263
245 00 - TITLE STATEMENT
Title Little Dorrit /
Statement of responsibility, etc. introduction by G. K. Chesterton.
260 ## - PUBLICATION, DISTRIBUTION, ETC. (IMPRINT)
Place of publication, distribution, etc. London ;
-- New Yoek :
Name of publisher, distributor, etc. J. M. Dent ;
-- E. P. Dutton,
Date of publication, distribution, etc. [Reprinted 1953].
300 ## - PHYSICAL DESCRIPTION
Pagination xiv, 784 p. ;
Size 18 cm.
490 1# - SERIES STATEMENT
Series statement Everyman's library
Volume/sequential designation no. 293
650 #0 - SUBJECT ADDED ENTRY--TOPICAL TERM
Topical term or geographic name as entry element Fiction.
9 (RLIN) 64264
942 ## - ADDED ENTRY ELEMENTS (KOHA)
Source of classification or shelving scheme Dewey Decimal Classification
Koha item type Books
Holdings
Lost status Source of classification or shelving scheme Damaged status Not for loan Collection code Permanent Location Current Location Shelving location Date acquired Source of acquisition Cost, normal purchase price Total Checkouts Full call number Date last seen Copy number Koha item type
  Dewey Decimal Classification   Added to bundle Fiction Central Library, University of Rajshahi Central Library, University of Rajshahi Reading Room 08/09/1955 B. H Black well 7.00   823.91 DIL 1953 02/03/2014 C-1 Books